| 000 | 00699nam a2200217 a 4500 | ||
|---|---|---|---|
| 001 | BRCA_3838 | ||
| 005 | 20190320204437.0 | ||
| 008 | 111209s1868----fr-a######---#000-0#fre-# | ||
| 041 | _afre | ||
| 044 | _afr | ||
| 050 | 4 |
_aF1233.M3 _b.K46 1868 |
|
| 100 | 1 |
_aKeratry, Emile, Comte de _d1832-1904. _99996 |
|
| 245 | 1 | 0 |
_aLa Contre - Guérilla Francaise au Mexique _bsouvenirs des terres chaudes _cEmile de Keratry. |
| 260 |
_aParís _bLibrairie Internationale _c1868 |
||
| 300 |
_a322 p. _bil. _c21 cm. |
||
| 500 | _aB183 | ||
| 600 | 1 | 4 |
_aMaximiliano. _cEmperador de México _d1832-1867. _94582 |
| 651 | 4 |
_aMéxico _vHistoria _xIntervención francesa _y1861-1867. _99997 |
|
| 902 | _aGFM | ||
| 942 |
_2lcc _cB |
||
| 999 |
_c3566 _d3566 |
||